Villes de Nouvelle-Aquitaine A-Z - Statistiques

Statistiques générales
  • Ce quiz a été pris 215 fois
  • Le résultat moyen est 12 sur 22
Statistiques - réponses
Lettres Villes % Correct
B Bordeaux / Barbezieux / Bourcefranc-le-Chapus / Brive-la-Gaillarde / Bourganeuf / Bergerac / Biscarosse / Bon-Encontre / Bayonne / Bressuire / Buxerolles / Bellac
99%
P Périgueux / Poitiers / Pau / Puymoyen / Périgny / Perpezac / Pionnât / Pessac / Parentis-en-Born / Passage / Parthenay / Panazol
89%
L Limoges / La Rochelle / Linars / Lubersac / Lourdoueix-Saint-Pierre / Lalinde / Libourne / Labenne / Layrac / Lons / Loretz-d' Argenton / Loudun
86%
A Agen / Angoulême / Aytré / Allassac / Aubusson / Agonac / Ambarès-et-Lagrave / Aire-sur-l'Adour / Anglet / Aiffres / Avanton / Aixe-sur-Vienne
83%
S Soyaux / Saintes / Saint-Pantaléon-de-Larche / Souterraine / Sarlat-la-Canéda / Saint-Médard-en-Jalles / Saint-Paul-lès-Dax / Sainte-Livrade-sur-Lot / Saint-Jean-de-Luz / Saint-Maixent-l'Ecole / Saint-Benoît / Saint-Junien
82%
D Dirac / Dompierre-sur-Mer / Donzenac / Dun-le-Palestel / Douze / Donnezac / Dax / Damazan / Denguin / Doux / Dissay / Dorat
80%
M Mont-de-Marsan / Magnac-sur-Touvre / Marennes-Hiers-Brouage / Malemort / Mérinchal / Montpon-Ménestérol / Mérignac / Marmande / Mourenx / Melle / Migné-Auxances / Magnac-Laval
77%
N Niort / Nersac / Nieul-sur-Mer / Naves / Naillat / Neuvic / Noaillan / Narosse / Nérac / Nay / Naintré / Nexon
75%
T Tulle / Terre-de-Haute-Charente / Tonnay-Charente / Treignac / Toulx-Sainte-Croix / Trélissac / Talence / Tarnos / Tonneins / Thèze / Thouars / Thuré / Thouron
69%
C Cognac / Châtelaillon-Plage / Cosnac / Chambon-sur-Voueize / Coulounieix-Chamiers / Cenon / Capbreton / Casteljaloux / Cambo-les-Bains / Chauray / Châtellerault / Couzeix
64%
V Vars / Vaux-sur-Mer / Varetz / Vallière / Vergt / Villenave-d'Ornon / Villeneuve-de-Marsan / Villeneuve-sur-Lot / Villefranque / Vouillé / Vouneuil-sous-Biard / Verneuil-sur-Vienne
62%
G Guéret / Gond-Pontouvre / Gémozac / Gimel-les-Cascades / Gardonne / Gradignan / Grenade-sur-l'Adour / Gontaud-de-Nogaret / Gan / Germond-Rouvre / Gençay / Geneytouze
55%
J Jarnac / Jonzac / Juillac / Jarnages / Jumilhac-le-Grand / Jau-Dignac-et-Loirac / Josse / Jusix / Jurançon / Juscorps / Jaunay-Marigny / Jourgnac
47%
U Ussel / Urval / Uzeste / Uchacq-et-Parentis / Urrugne / Usson-du-Poitou
46%
R Roullet-Saint-Estèphe / Rochefort / Rosiers-d'Egletons / Royère-de-Vassivière / Ribérac / Réole / Rion-des-Landes / Roquefort / Rontignon / Rom / Rouillé / Rilhac-Rancon
43%
O Oradour-Fanais / Orignolles / Objat / Orliac / Ordonnac / Ondres / Oloron-Sainte-Marie / Oroux / Ormes / Oradour-sur-Glane
39%
E Exideuil-sur-Vienne / Echillais / Egletons / Evaux-les-Bains / Eymet / Eysines / Escource / Estillac / Espelette / Echiré / Eymoutiers
36%
F Fléac / Fouras / Favars / Felletin / Force / Floirac / Frêche / Foulayronnes / Fichous-Riumayou / Frontenay-Rohan-Rohan / Fontenay-le-Comte / Feytiat
34%
H Hiersac / Houmeau / Hautefage / Hautefort / Haillan / Hagetmau / Hendaye / Haims
32%
I Isle-D'espagnac / Île-d'Aix / Issoudun-Létrieix / Issigeac / Izon / Idron / Irais / Iteuil / Isle
18%
Y Yvrac-et-Malleyrand / Yves / Yssandon / Yvrac / Ychoux / Yversay
18%
Q ; X Queyssac / Quinsac / Quinçay / Xambes / Xaintrailles / Xaintray
8%
Aucun quiz correspondant
Distribution des résultats
% des personnes avec chaque résultat
Percentile par nombre de réponses
Votre historique - résultats
Vous n’avez pas pris ce quiz